| 000 | 00388nam a2200133Ia 4500 | ||
|---|---|---|---|
| 008 | 220217s9999||||xx |||||||||||||| ||und|| | ||
| 020 | _a81-203-0532-9 | ||
| 082 | _a621.382 2 OPP | ||
| 100 | _aOppenheim, Alan, V Schafer, Ronald, W | ||
| 245 | 0 | _aDigital signal processing | |
| 260 |
_aPrentice hall of india _bNew Delhi _c2002 |
||
| 300 | _b225 | ||
| 650 |
_aSIGNAL PROCESSING _9719 |
||
| 999 |
_c172458 _d172458 |
||